000 006130000a22001810004500
003 MACL
005 20160603135417.0
008 160603b xxu||||| |||| 00| 0 eng d
040 _aMACL
_cMACL
041 _aHindi
082 _a920
100 _aसक्‍सेना, रति
_955969
245 _aबालामणियम्‍मा
_bकाव्‍य कला एवं दर्शन
_cरति सक्‍सेना
260 _bसाहित्‍य अकादेमी
_c2002
_aदिल्‍ली
350 _a50
650 _aBiography
_962076
942 _cHIN
_k920/SAX
_2ddc
999 _c12526
_d12526